| 000 | 00607nam a2200277Ia 4500 | ||
|---|---|---|---|
| 001 | Z_3377 | ||
| 003 | CHAP | ||
| 008 | 220113s1980 xx 000 0 und d | ||
| 010 | _a166492 | ||
| 040 | _cCHAP | ||
| 082 | _a612 M6 | ||
| 100 |
_aMountcastle, Vernon B _9140566 |
||
| 245 |
_aMedical physiology / _cby Vernon B Mountcastle |
||
| 260 |
_aSt. Louis : _bThe C. V. Mosby, _c1980 |
||
| 300 | _a2 v. ; ilus. | ||
| 440 | _a | ||
| 500 | _a | ||
| 503 | _a | ||
| 650 |
_aFisiologĂa _941127 |
||
| 901 | _a612 M6 | ||
| 902 | _aA | ||
| 910 | _a1980 | ||
| 942 | _c1 | ||
| 942 | _cc1 | ||
| 999 |
_c166492 _d166492 |
||